La educación y el trabajo infantil: documento de antecedentes
Este documento es un resumen preliminar de un estudio llevado acabo por la UNICEF sobre la educación y el trabajo infantíl en el mundo, este posee diferentes enfoques y una descripción de la coyuntura en que se da esta problemática social./WMV
Gespeichert in:
| Körperschaft: | |
|---|---|
| Format: | Text |
| Veröffentlicht: |
Nueva York :
|
| Schlagworte: | |
| Tags: |
Tag hinzufügen
Keine Tags, Fügen Sie den ersten Tag hinzu!
|
MARC
| LEADER | 00000 a a2200000 04500 | ||
|---|---|---|---|
| 001 | 18955 | ||
| 003 | |||
| 040 | |||
| 090 | |a 144900 | ||
| 110 | |a UNICEF | ||
| 245 | |a La educación y el trabajo infantil: documento de antecedentes | ||
| 260 | |a Nueva York : | ||
| 300 | |a 18 p. | ||
| 520 | |a Este documento es un resumen preliminar de un estudio llevado acabo por la UNICEF sobre la educación y el trabajo infantíl en el mundo, este posee diferentes enfoques y una descripción de la coyuntura en que se da esta problemática social./WMV | ||
| 650 | |a EDUCACION | ||
| 650 | |a EDUCACION BASICA | ||
| 650 | |a ADQUISICION DE CONOCIMIENTOS | ||
| 650 | |a ENSEÑANZA | ||
| 650 | |a SISTEMAS DE ENSEÑANZA | ||
| 650 | |a ACCESO A LA EDUCACION | ||
| 650 | |a ASISTENCIA A LA EDUCACION | ||
| 650 | |a FINALIDAD DE LA EDUCACION | ||
| 650 | |a NIÑOS | ||
| 650 | |a JOVENES QUE NO ASISTEN A LA ESCUELA | ||
| 650 | |a POBLACION EN EDAD ESCOLAR | ||
| 650 | |a TRABAJO | ||
| 650 | |a TRABA | ||
| 999 | |c 1388 |d 1388 | ||
